000 01192naa a22003257a 4500
001 BR7603196
003 BR-BrBNA
005 20240918173856.0
007 ta
008 230509b bl.||||| |||| 00| 0 por d
040 _aBR-BrBNA
_bpor
_cBiblioteca Nacional de Agricultura
041 _a(Pt)
072 _aF26; F23; F24
_b2120
_bG514
090 _aF26 BR7603196
100 1 _aMelo, V. de
100 1 _aSilveira, J.V.A.
100 1 _aSampaio, J.B.M. de
100 1 _aOliveira, C.A. de
111 1 _a15. Congresso Brasileiro de Ciencia do Solo
_cCampinas, SP (Brazil)
_d14 Jul 1975
245 1 _aLevantamento conservacionista dos solos de Sape, Mari e parte de Mamanguape, Mulungu e Caldas Brandao [Paraiba; Brasil]
260 3 _aCampinas, SP (Brasil):
_c1976.
500 _aAnais do 15. Congresso Brasileiro de Ciencia do Solo Campinas, SP (Brasil): 1976. p. 585-590 (BR7603196-AM)F26
650 _aTEXTURA DO SOLO
650 _aUSO DA TERRA
650 _aSOLO
650 _aPARAIBA
773 0 _tAnais do 15. Congresso Brasileiro de Ciencia do Solo
_wF26 BR7603196
_gCampinas, SP (Brasil), 1976. p. 585-590
909 _a202404
_bLucia
_c55
_dLucia Elande
942 _cAM
_2AGRIS
999 _c307425
_d307425